<?xml version="1.0" encoding="UTF-8"?>
<record
    xmlns:xsi="http://www.w3.org/2001/XMLSchema-instance"
    xsi:schemaLocation="http://www.loc.gov/MARC21/slim http://www.loc.gov/standards/marcxml/schema/MARC21slim.xsd"
    xmlns="http://www.loc.gov/MARC21/slim">

  <leader>02123nam a2200349 i 4500</leader>
  <controlfield tag="005">20250616120530.0</controlfield>
  <controlfield tag="008">250615s2022    ii a   br     000 1 tam d</controlfield>
  <datafield tag="020" ind1=" " ind2=" ">
    <subfield code="a">9789395776691</subfield>
    <subfield code="c">RM7.00</subfield>
    <subfield code="q">paperback </subfield>
  </datafield>
  <datafield tag="040" ind1=" " ind2=" ">
    <subfield code="a">PPAK </subfield>
    <subfield code="b">eng</subfield>
    <subfield code="c">PPAK</subfield>
    <subfield code="e">rda</subfield>
  </datafield>
  <datafield tag="041" ind1="1" ind2=" ">
    <subfield code="a">tam</subfield>
    <subfield code="a">eng</subfield>
  </datafield>
  <datafield tag="082" ind1="0" ind2="4">
    <subfield code="2">23</subfield>
    <subfield code="a">894.8113</subfield>
  </datafield>
  <datafield tag="090" ind1="0" ind2="0">
    <subfield code="a">894.8113</subfield>
    <subfield code="b">ELA</subfield>
    <subfield code="d">K </subfield>
  </datafield>
  <datafield tag="100" ind1="1" ind2=" ">
    <subfield code="a">Elango, Ko. Ma. Ko.,</subfield>
    <subfield code="e">author. </subfield>
  </datafield>
  <datafield tag="245" ind1="1" ind2="0">
    <subfield code="6">880-01</subfield>
    <subfield code="a">A&#x1E47;il t&#x14D;ppu = </subfield>
    <subfield code="b">THE SQUIRREL'S GROVE /</subfield>
    <subfield code="c">Ko.Ma.Ko.Elango ; Illustrator: Thamizh</subfield>
  </datafield>
  <datafield tag="250" ind1=" " ind2=" ">
    <subfield code="a">Mutal patippu</subfield>
  </datafield>
  <datafield tag="264" ind1=" " ind2="1">
    <subfield code="a">Ce&#x1E49;&#x1E49;ai :</subfield>
    <subfield code="b">Puks K&#x332;ap&#x101;r Cilra&#x1E49;, </subfield>
    <subfield code="c">2022</subfield>
  </datafield>
  <datafield tag="300" ind1=" " ind2=" ">
    <subfield code="a">24 pages : </subfield>
    <subfield code="b">illustrations (black and white) ;</subfield>
    <subfield code="c">22 cm </subfield>
  </datafield>
  <datafield tag="336" ind1=" " ind2=" ">
    <subfield code="a">text</subfield>
    <subfield code="2">rdacontent</subfield>
  </datafield>
  <datafield tag="337" ind1=" " ind2=" ">
    <subfield code="a">unmediated</subfield>
    <subfield code="2">rdamedia</subfield>
  </datafield>
  <datafield tag="338" ind1=" " ind2=" ">
    <subfield code="a">volume</subfield>
    <subfield code="2">rdacarrier</subfield>
  </datafield>
  <datafield tag="490" ind1="1" ind2=" ">
    <subfield code="a">Ci&#x1E5F;&#x101;r iru mo&#x1E3B;ik kataika&#x1E37;</subfield>
  </datafield>
  <datafield tag="500" ind1=" " ind2=" ">
    <subfield code="a">Children's stories</subfield>
  </datafield>
  <datafield tag="520" ind1=" " ind2=" ">
    <subfield code="a">"&#xB95;&#xBC1;&#xBB0;&#xBC1;&#xBA4;&#xBCD;&#xBA4;&#xBC1;&#xBAA;&#xBCD;&#xBAA;&#xB9F;&#xBCD;&#xB9F;&#xBBF;&#xBAF;&#xBC8; &#xB92;&#xB9F;&#xBCD;&#xB9F;&#xBBF;&#xBAA;&#xBCD; &#xBAA;&#xBBE;&#xBAF;&#xBCD;&#xBA8;&#xBCD;&#xBA4; &#xB86;&#xBB1;&#xBC1; &#xB8E;&#xB99;&#xBCD;&#xB95;&#xBC7;? &#xB85;&#xBA3;&#xBBF;&#xBB2;&#xBCD; &#xBAA;&#xBBF;&#xBB1;&#xBA8;&#xBCD;&#xBA4; &#xBAA;&#xBC1;&#xBA4;&#xBCD;&#xBA4;&#xB95;&#xBAE;&#xBCD; &#xBAF;&#xBBE;&#xBB0;&#xBBF;&#xB9F;&#xBAE;&#xBC1;&#xBB3;&#xBCD;&#xBB3;&#xBA4;&#xBC1;? &#xBAA;&#xBBE;&#xB9F;&#xBCD;&#xB9F;&#xBBF; &#xB85;&#xBA3;&#xBBF;&#xBB2;&#xBCD; &#xB9A;&#xBCA;&#xBA9;&#xBCD;&#xBA9; &#xB95;&#xBA4;&#xBC8; &#xB8E;&#xBA9;&#xBCD;&#xBA9;? &#xBAE;&#xBB2;&#xBC8;&#xBAF;&#xB9F;&#xBBF;&#xBB5;&#xBBE;&#xBB0;&#xBA4;&#xBCD;&#xBA4;&#xBBF;&#xBB2;&#xBCD; &#xB87;&#xBB0;&#xBC1;&#xBA8;&#xBCD;&#xBA4; &#xBA4;&#xBC6;&#xBA9;&#xBCD;&#xBA9;&#xBC8; &#xBAE;&#xBB0;&#xB99;&#xBCD;&#xB95;&#xBB3;&#xBC8; &#xBA8;&#xB95;&#xBB0;&#xBCD;&#xBA4;&#xBCD;&#xBA4;&#xBBF;&#xBAF;&#xBA4;&#xBC1; &#xBAF;&#xBBE;&#xBB0;&#xBCD;? &#xB85;&#xBA3;&#xBBF;&#xBB2;&#xBC1;&#xB95;&#xBCD;&#xB95;&#xBC1; &#xB85;&#xBB0;&#xBC1;&#xB95;&#xBBF;&#xBB2;&#xBBF;&#xBB0;&#xBC1;&#xBA8;&#xBCD;&#xBA4; &#xB86;&#xB9F;&#xBCD;&#xB9F;&#xBC1;&#xB95;&#xBCD;&#xB95;&#xBC1;&#xB9F;&#xBCD;&#xB9F;&#xBBF;&#xB95;&#xBCD;&#xB95;&#xBC1; &#xB8E;&#xBA9;&#xBCD;&#xBA9; &#xB86;&#xBAF;&#xBBF;&#xBB1;&#xBCD;&#xBB1;&#xBC1;? &#xBAA;&#xBC1;&#xBA4;&#xBCD;&#xBA4;&#xB95;&#xBA4;&#xBCD;&#xBA4;&#xBBF;&#xBA9;&#xBCD; &#xB95;&#xBBF;&#xBB4;&#xBBF;&#xBA8;&#xBCD;&#xBA4; &#xBAA;&#xB95;&#xBCD;&#xB95;&#xBA4;&#xBCD;&#xBA4;&#xBC8; &#xBB5;&#xBC0;&#xB9A;&#xBBF;&#xBAF;&#xBC6;&#xBB1;&#xBBF;&#xBA8;&#xBCD;&#xBA4; &#xB95;&#xBC1;&#xBB4;&#xBA8;&#xBCD;&#xBA4;&#xBC8;&#xB95;&#xBCD;&#xB95;&#xBC1; &#xB8E;&#xBB2;&#xBCD;&#xBB2;&#xBBE;&#xBAE;&#xBC7; &#xBA4;&#xBC6;&#xBB0;&#xBBF;&#xBAF;&#xBC1;&#xBAE;&#xBCD;. &#xB95;&#xBC7;&#xB9F;&#xBCD;&#xB9F;&#xBC1;&#xB9A;&#xBCD; &#xB9A;&#xBCA;&#xBB2;&#xBCD;&#xBB5;&#xBC0;&#xBB0;&#xBCD;&#xB95;&#xBB3;&#xBBE;?"-- Back cover</subfield>
  </datafield>
  <datafield tag="546" ind1=" " ind2=" ">
    <subfield code="a">In Tamil and English</subfield>
  </datafield>
  <datafield tag="650" ind1="1" ind2="0">
    <subfield code="a">Children's stories, Tamil</subfield>
  </datafield>
  <datafield tag="650" ind1="2" ind2="0">
    <subfield code="a">Squirrels </subfield>
    <subfield code="v">Juvenile fiction</subfield>
  </datafield>
  <datafield tag="650" ind1="2" ind2="0">
    <subfield code="a">Coconut palm</subfield>
    <subfield code="v">Juvenile fiction</subfield>
  </datafield>
  <datafield tag="700" ind1="0" ind2=" ">
    <subfield code="a">Thamizh, </subfield>
    <subfield code="e">illustrator. </subfield>
  </datafield>
  <datafield tag="830" ind1=" " ind2="0">
    <subfield code="a">Ci&#x1E5F;&#x101;r iru mo&#x1E3B;ik kataika&#x1E37;</subfield>
  </datafield>
  <datafield tag="880" ind1=" " ind2=" ">
    <subfield code="6">245-01/$1</subfield>
    <subfield code="a">&#xB85;&#xBA3;&#xBBF;&#xBB2;&#xBCD; &#xBA4;&#xBCB;&#xBAA;&#xBCD;&#xBAA;&#xBC1; / &#xB95;&#xBCA;. &#xBAE;&#xBBE;. &#xB95;&#xBCB;. &#xB87;&#xBB3;&#xB99;&#xBCD;&#xB95;&#xBCB; </subfield>
  </datafield>
  <datafield tag="942" ind1=" " ind2=" ">
    <subfield code="2">ddc</subfield>
    <subfield code="c">B</subfield>
  </datafield>
  <datafield tag="999" ind1=" " ind2=" ">
    <subfield code="c">199777</subfield>
    <subfield code="d">199777</subfield>
  </datafield>
  <datafield tag="952" ind1=" " ind2=" ">
    <subfield code="0">0</subfield>
    <subfield code="7">0</subfield>
    <subfield code="b">PPAK</subfield>
    <subfield code="c">K</subfield>
    <subfield code="d">2025-07-14</subfield>
    <subfield code="l">0</subfield>
    <subfield code="o">K 894.8113 ELA</subfield>
    <subfield code="p">A01870982</subfield>
    <subfield code="r">2025-07-14 15:05:01</subfield>
    <subfield code="y">B</subfield>
  </datafield>
  <datafield tag="952" ind1=" " ind2=" ">
    <subfield code="0">0</subfield>
    <subfield code="7">0</subfield>
    <subfield code="b">SP</subfield>
    <subfield code="c">K</subfield>
    <subfield code="d">2025-07-14</subfield>
    <subfield code="l">0</subfield>
    <subfield code="o">K 894.8113 ELA</subfield>
    <subfield code="p">A01870983</subfield>
    <subfield code="r">2025-07-14 15:05:01</subfield>
    <subfield code="y">B</subfield>
  </datafield>
</record>
